000
00481nam a2200181Ia 4500
008
100917s9999 xx 000 0 und d
082
_b
43417
100
_a
पुरंदर विशाखा
245
_a
ध्यास
260
_b
ऋतुराज प्रकाशन
_c
1980
300
_a
154
365
_b
18
520
_a
कादंबरी
630
_a
ध्यास
650
_a
कादंबरी
730
_a
ध्यास
942
_c
BOOK
999
_c
648811
_d
648808